Discrete mathematics / (Record no. 7515)
[ view plain ]
| 000 -LEADER | |
|---|---|
| fixed length control field | 01450nam a2200373 a 4500 |
| 001 - CONTROL NUMBER | |
| control field | 7515 |
| 003 - CONTROL NUMBER IDENTIFIER | |
| rucl marc code | BD-RjUL |
| 005 - DATE AND TIME OF LATEST TRANSACTION | |
| control field | 20211208234430.0 |
| 008 - FIXED-LENGTH DATA ELEMENTS--GENERAL INFORMATION | |
| fixed length control field | 140115t20061997nyua 001 0 eng |
| 020 ## - INTERNATIONAL STANDARD BOOK NUMBER | |
| International Standard Book Number | 0070601747 |
| International Standard Book Number | 9780070601741 |
| 035 ## - SYSTEM CONTROL NUMBER | |
| System control number | (BD-RjUL)7559 |
| 040 ## - CATALOGING SOURCE | |
| Original cataloging agency | DLC |
| Transcribing agency | DLC |
| Modifying agency | DLC |
| -- | BD-RjUL |
| Language of cataloging | eng |
| 041 ## - LANGUAGE CODE | |
| Language code of text/sound track or separate title | eng |
| 082 00 - DEWEY DECIMAL CLASSIFICATION NUMBER | |
| Classification number | 510 |
| Edition number | 21 |
| Author mark and year | LID 2006 |
| 100 1# - MAIN ENTRY--PERSONAL NAME | |
| Personal name | Lipschutz, Seymour. |
| 9 (RLIN) | 893 |
| 245 00 - TITLE STATEMENT | |
| Title | Discrete mathematics / |
| Statement of responsibility, etc. | Seymour Lipschutz, Marc Lars Lipson and Varsha H. Patil |
| 250 ## - EDITION STATEMENT | |
| Edition statement | 2nd ed. |
| 260 ## - PUBLICATION, DISTRIBUTION, ETC. (IMPRINT) | |
| Place of publication, distribution, etc. | New York ; |
| -- | New Delhi : |
| Name of publisher, distributor, etc. | McGraw-Hill, |
| Date of publication, distribution, etc. | c1997 [2006]. |
| 300 ## - PHYSICAL DESCRIPTION | |
| Pagination | various pagings : |
| Illustrations | ill. ; |
| Size | 24 cm. |
| 490 0# - SERIES STATEMENT | |
| Series statement | Schaum's outline series |
| 500 ## - GENERAL NOTE | |
| General note | Includes index. |
| 505 0# - FORMATTED CONTENTS NOTE | |
| Formatted contents note | Set theory -- Functions and algorithms -- Logic and propositional calculus -- Counting -- Relations -- Graph theory -- Binary trees -- Boolean algebra -- Languages, grammars, machines. |
| 650 #0 - SUBJECT ADDED ENTRY--TOPICAL TERM | |
| Topical term or geographic name as entry element | Mathematics. |
| 9 (RLIN) | 119679 |
| Topical term or geographic name as entry element | Algebra, Abstract |
| Form subdivision | Outlines, syllabi, etc. |
| 9 (RLIN) | 119680 |
| Topical term or geographic name as entry element | Combinatorial analysis |
| Form subdivision | Outlines, syllabi, etc. |
| 9 (RLIN) | 23454 |
| Topical term or geographic name as entry element | Logic, Symbolic and mathematical |
| Form subdivision | Outlines, syllabi, etc. |
| 9 (RLIN) | 23455 |
| 700 1# - ADDED ENTRY--PERSONAL NAME | |
| Personal name | Lipson, Marc Lars. |
| Personal name | Patil, Varsha H. |
| 942 ## - ADDED ENTRY ELEMENTS (KOHA) | |
| Source of classification or shelving scheme | Dewey Decimal Classification |
| Koha item type | Books |
| Lost status | Source of classification or shelving scheme | Damaged status | Not for loan | Collection code | Permanent Location | Current Location | Shelving location | Date acquired | Source of acquisition | Cost, normal purchase price | Total Checkouts | Full call number | Date last seen | Date checked out | Copy number | Koha item type |
|---|---|---|---|---|---|---|---|---|---|---|---|---|---|---|---|---|
| Dewey Decimal Classification | Non-fiction | Central Library, University of Rajshahi | Central Library, University of Rajshahi | 07/06/2006 | Paragon,Dhaka | 260.00 | 1 | 510 LID 2006 | 23/03/2017 | 26/02/2017 | C-2 | Books | ||||
| Dewey Decimal Classification | Non-fiction | Central Library, University of Rajshahi | Central Library, University of Rajshahi | 07/06/2006 | Paragon Enterprises ltd. Dhaka | 260.00 | 9 | 510 LID 2006 | 09/11/2017 | 02/11/2017 | C-3 | Books | ||||
| Dewey Decimal Classification | Not For Loan | Non-fiction | Central Library, University of Rajshahi | Central Library, University of Rajshahi | Reading Room | 07/06/2006 | Dhaka, Paragon Enterprise ltd. | 260.00 | 510 LID 2006 | 22/03/2017 | C-1 | Books |